Performance Evaluation of CNG Engine and Comparison with Conventional Petrol Engine [electronic resource : Project Report] (Record no. 256701)
[ view plain ]
| 000 -LEADER | |
|---|---|
| fixed length control field | 01119nam a2200169Ia 4500 |
| 008 - FIXED-LENGTH DATA ELEMENTS--GENERAL INFORMATION | |
| fixed length control field | 240126s9999 xx 000 0 und d |
| 041 ## - LANGUAGE CODE | |
| Language code of text/sound track or separate title | English |
| 082 ## - DEWEY DECIMAL CLASSIFICATION NUMBER | |
| Classification number | PRME07-1145 |
| 100 ## - MAIN ENTRY--PERSONAL NAME | |
| Personal name | Srinivas M Jantali Abhishek Rao K Ajay Bharadwaj Guruprasad P |
| 245 #0 - TITLE STATEMENT | |
| Title | Performance Evaluation of CNG Engine and Comparison with Conventional Petrol Engine [electronic resource : Project Report] |
| Remainder of title | Vaggar, Mallikarjun R |
| 260 ## - PUBLICATION, DISTRIBUTION, ETC. | |
| Name of publisher, distributor, etc. | PESIT, Dept. of ME, |
| Place of publication, distribution, etc. | Bangalore |
| 440 ## - SERIES STATEMENT/ADDED ENTRY--TITLE | |
| Title | NULL |
| 520 ## - SUMMARY, ETC. | |
| Summary, etc. | The existing gasoline or diesel engines can be retrofitted fairly easily for operation with alternative fuels. However, various operational considerations need to be taken into account. The different combustion characteristics of alternative fuels require a change in the compression ratio and ignition voltage. Also, many alternative fuels, especially those in gaseous form, have very low lubricity, causing increased wear of fuel components such as fuel injectors and valves. |
| 650 ## - SUBJECT ADDED ENTRY--TOPICAL TERM | |
| Topical term or geographic name entry element | Mechanical |
| 650 ## - SUBJECT ADDED ENTRY--TOPICAL TERM | |
| Topical term or geographic name entry element | Performance,Evaluation,CNG,Engine,Comparison,Conventional,Petrol,Engine,:,Project,Report] |
| 942 ## - ADDED ENTRY ELEMENTS (KOHA) | |
| Koha item type | Project Reports |
| Date last seen | Total checkouts | Full call number | Accession number | Volume/Issue Number | Price effective from | Category | Lost status | Damaged status | Department | Withdrawn status | Home library | Current library | Shelving location | Entry date | Grants | Billdate | Currency symbol | Conversion rate | Discount | Old discount |
|---|---|---|---|---|---|---|---|---|---|---|---|---|---|---|---|---|---|---|---|---|
| 26/01/2024 | PRME07-1145 | PR1145 | (29/06/1905) | 26/01/2024 | Project Reports | Central Library | Central Library | Central Library | Central Library | ME/PG | 08/03/2011 | RS | 1 |
